00470nam a2200145 i 450000100060000000300090000600500170001500700030003200800410003510000180007624500700009426001040016430000350026885200210030378445ES-MaACL20230906173713.0t|041014s1908 fr ||||1| fre d1 aHariot, Paul.14aLes urédinées b: (rouilles des plantes) / cpar Paul Hariot. aParis : bOctave Doin, c1908 (ePoitiers : fSociété Française d'Imprimerie et de Librairie) aXVI, 392 p. : bil. ; c19 cm. aES-MaACLjD-4430